000 00293nam a22001337a 4500
008 181025b xxu||||| |||| 00| 0 eng d
020 _a9780558390181
041 _aeng
080 _a616.073
100 _a6
101 _aGJEN
245 _aConcepts of Genetics
_cKlug,W.S
942 _2udc
_cBK
999 _c50890
_d50890